UBT Library

A guide to writing sociology papers / (Record no. 44686)

000 -LEADER
fixed length control field 00865cam a2200253 a 4500
001 - CONTROL NUMBER
control field 3073941
005 - DATE AND TIME OF LATEST TRANSACTION
control field 20180312050607.0
008 - FIXED-LENGTH DATA ELEMENTS--GENERAL INFORMATION
fixed length control field 970829s1998 nyu b 001 0 eng d
010 ## - LIBRARY OF CONGRESS CONTROL NUMBER
LC control number 97065377
020 ## - INTERNATIONAL STANDARD BOOK NUMBER
International Standard Book Number 0312137621 (pbk.)
035 ## - SYSTEM CONTROL NUMBER
System control number (OCoLC)37579161
040 ## - CATALOGING SOURCE
Original cataloging agency CLU
Transcribing agency CLU
Modifying agency DLC
-- WaU
041 ## - LANGUAGE CODE
Language code of text/sound track or separate title eng
042 ## - AUTHENTICATION CODE
Authentication code lccopycat
080 ## - UNIVERSAL DECIMAL CLASSIFICATION NUMBER
Universal Decimal Classification number 808.066301 GIA
082 00 - DEWEY DECIMAL CLASSIFICATION NUMBER
Classification number 808.066301 GIA
Edition number 21
100 ## - Rafti
Rafti 25
101 ## - Shkurtesa
Shkurtesa EDU
245 02 - TITLE STATEMENT
Title A guide to writing sociology papers /
Statement of responsibility, etc the Sociology Writing Group ; coordinators and editors, Judith Richlin-Klonsky and Ellen Strenski ; authors, Roseann Giarrusso ... [et al.]
504 ## - BIBLIOGRAPHY, ETC. NOTE
Bibliography, etc Includes bibliographical references and index.
906 ## - LOCAL DATA ELEMENT F, LDF (RLIN)
a 7
b cbc
c copycat
d 2
e opcn
f 19
g y-gencatlg
942 ## - ADDED ENTRY ELEMENTS (KOHA)
Source of classification or shelving scheme
Item type Books
Holdings
Withdrawn status Lost status Source of classification or shelving scheme Damaged status Not for loan Collection code Permanent location Current location Shelving location Date acquired Total Checkouts Full call number Barcode Date last seen Price effective from Koha item type
          Koleksioni i përgjithshem UBT - Lipjan UBT - Lipjan Koleksioni i përgjithshem 03/12/2018   808.066301 GIA 002-3001432 03/12/2018 03/12/2018 Books
UBT Library © 2015-2024. All rights reserved University Education for Business and Technology